[Event "2R-LV-P.D. Egidazu - Orvina 'B': 1.5-2.5"]
[Site "Bergara"]
[Date "2016.??.??"]
[Round "2.1"]
[White "Cinza Lopez, Javier"]
[Black "Gomez Calvo, Jose Ricardo"]
[Result "0-1"]
[WhiteElo "1980"]
[BlackElo "1931"]
[PlyCount "48"]
[EventDate "2016.01.10"]

1. g3 e5 2. Bg2 Nc6 3. c4 f5 4. Nc3 Nf6 5. d3 Bb4 6. Bd2 d6 7. a3 Bxc3 8. Bxc3
O-O 9. e3 Qe8 10. Ne2 a5 11. b4 axb4 12. axb4 Rxa1 13. Qxa1 Be6 14. b5 Nd8 15.
O-O b6 16. Rc1 Qh5 17. Rc2 Nf7 18. h3 Ng5 19. h4 Nf3+ 20. Kf1 Nh2+ 21. Ke1 Nf3+
22. Bxf3 Qxf3 23. Bxe5 Ng4 24. Bf4 Qh1+ 0-1

[Event "2R-LV-P.D. Barakaldo - Urnieta: 0-4"]
[Site "Bergara"]
[Date "2016.??.??"]
[Round "2.4"]
[White "Hernandez Izaguirre, Eder"]
[Black "Aguirre Canflanca, Josu"]
[Result "0-1"]
[WhiteElo "2071"]
[BlackElo "2210"]
[PlyCount "54"]
[EventDate "2016.01.10"]

1. c4 Nf6 2. g3 c6 3. Bg2 d5 4. Nf3 dxc4 5. O-O b5 6. b3 cxb3 7. axb3 e6 8. Qc2
Bb7 9. d4 Nbd7 10. e4 Be7 11. Nc3 h6 12. d5 cxd5 13. e5 Ne4 14. Nxb5 Rc8 15.
Qb2 a6 16. Nbd4 Qc7 17. Bf4 O-O 18. Rfc1 Qb8 19. Nf5 Bb4 20. Rxc8 Rxc8 21. Ra4
Bf8 22. Ne3 Ndc5 23. Rd4 g5 24. Bxg5 hxg5 25. Nxg5 Qxe5 26. Nf3 Qg7 27. Qe2
Nxb3 0-1

[Event "2R-LV-P.D. Barakaldo - Urnieta: 0-4"]
[Site "Bergara"]
[Date "2016.??.??"]
[Round "2.4"]
[White "Ortega Fuentes, Luis Angel"]
[Black "Celada Fernandez De L., Felipe"]
[Result "1-0"]
[WhiteElo "2142"]
[BlackElo "2032"]
[PlyCount "113"]
[EventDate "2016.01.10"]

1. Nf3 Nf6 2. g3 g6 3. b3 Bg7 4. Bb2 O-O 5. Bg2 c5 6. c4 Nc6 7. O-O d6 8. d3
Rb8 9. Nc3 a6 10. d4 b5 11. dxc5 dxc5 12. cxb5 axb5 13. Nd2 Nd4 14. e3 Ne6 15.
Qc2 Bb7 16. Nce4 Nxe4 17. Nxe4 Bxb2 18. Qxb2 Qb6 19. Rfc1 Rfc8 20. h4 h5 21.
Qe5 f6 22. Qc3 c4 23. Qb4 f5 24. Ng5 Bxg2 25. Kxg2 Nxg5 26. hxg5 Qe6 27. Rc3 h4
28. gxh4 Qe4+ 29. f3 Qe6 30. Rac1 Kf8 31. Kf2 Qe5 32. f4 Qd5 33. R3c2 Qd6 34.
Qxd6 exd6 35. bxc4 bxc4 36. Rxc4 Rxc4 37. Rxc4 Rb2+ 38. Kf3 Rxa2 39. Rc7 Ra3
40. Rd7 Rd3 41. Ke2 Rd5 42. h5 gxh5 43. Rh7 Kg8 44. Rxh5 Kg7 45. Rh1 Ra5 46.
Rd1 Ra6 47. Rc1 Kf7 48. Rh1 Ra5 49. Kd3 Rd5+ 50. Kc4 Rd2 51. Rh6 Rc2+ 52. Kd3
Rc6 53. Rf6+ Ke7 54. Rxf5 Rc8 55. Ra5 Rb8 56. Ra7+ Kf8 57. Rd7 1-0

[Event "2R-LV-P.D. Barakaldo - Urnieta: 0-4"]
[Site "Bergara"]
[Date "2016.??.??"]
[Round "2.4"]
[White "Carasa Del Portillo, Mikel"]
[Black "Manso Marquez, Felix"]
[Result "0-1"]
[WhiteElo "1997"]
[BlackElo "2108"]
[PlyCount "68"]
[EventDate "2016.01.10"]

1. d4 e6 2. Nf3 Nf6 3. e3 b6 4. Bd3 Bb7 5. O-O Be7 6. Nbd2 O-O 7. b3 d6 8. Bb2
Nbd7 9. Qe2 c5 10. c4 Re8 11. Rfd1 Qc7 12. Rac1 Rad8 13. Nb1 Bf8 14. Nc3 a6 15.
Bb1 Qb8 16. dxc5 bxc5 17. e4 Bc6 18. Ne1 d5 19. cxd5 exd5 20. Qxa6 Bb7 21. Qb5
d4 22. Na4 Qa8 23. f3 Bc6 24. Qc4 Ne5 25. Qc2 Bxa4 26. bxa4 c4 27. Kh1 c3 28.
Bxc3 dxc3 29. Rxd8 Rxd8 30. Qxc3 Qa6 31. h3 Qf1+ 32. Kh2 Bd6 33. g3 Qf2+ 34.
Kh1 Nh5 0-1

[Event "2R-LV-P.D. Barakaldo - Urnieta: 0-4"]
[Site "Bergara"]
[Date "2016.??.??"]
[Round "2.4"]
[White "Corral Sierra, Javier"]
[Black "Urbieta Gabancho, Koldo"]
[Result "1-0"]
[WhiteElo "2035"]
[BlackElo "1938"]
[PlyCount "77"]
[EventDate "2016.01.10"]

1. Nf3 d6 2. d4 f5 3. c4 Nf6 4. Nc3 g6 5. e3 Bg7 6. Be2 c6 7. O-O O-O 8. Qc2
Qe8 9. b4 e5 10. dxe5 dxe5 11. Bb2 e4 12. Nd2 Be6 13. Nb3 Nbd7 14. Na5 Qc8 15.
c5 Ne5 16. Nb5 Ne8 17. Nd6 Nxd6 18. cxd6 Qd7 19. Rfd1 Bd5 20. b5 Rac8 21. bxc6
bxc6 22. Bd4 Rf7 23. Ba6 Rb8 24. Qc5 Rff8 25. Rab1 Nf7 26. Bxg7 Kxg7 27. Rb7
Rxb7 28. Nxb7 Ra8 29. Qd4+ Kg8 30. Qc5 Bxa2 31. Na5 Bd5 32. Bb7 Rd8 33. Bxc6
Bxc6 34. Nxc6 Re8 35. Rd5 Kg7 36. h4 Rc8 37. Qd4+ Kh6 38. Ne7 Rd8 39. Qf6 1-0

[Event "2R-LV-P.D. Abadiño - San Juan 'B': 3-1"]
[Site "Bergara"]
[Date "2016.??.??"]
[Round "2.5"]
[White "Sarralde Osua, Rodrigo"]
[Black "Sanchez Carayol, Jesus"]
[Result "1-0"]
[WhiteElo "2372"]
[BlackElo "2121"]
[PlyCount "67"]
[EventDate "2016.01.10"]

1. e4 e5 2. Nf3 Nc6 3. Bb5 a6 4. Bxc6 dxc6 5. O-O Bg4 6. h3 h5 7. d3 Qf6 8.
Nbd2 Bd6 9. Re1 Bc5 10. hxg4 hxg4 11. g3 gxf3 12. Qxf3 Qg6 13. Nc4 f6 14. Be3
Bxe3 15. Nxe3 Ne7 16. Kg2 O-O-O 17. Rh1 Kb8 18. Qg4 Qxg4 19. Nxg4 c5 20. Ne3
Kc8 21. Kf3 Kd7 22. a4 Ke6 23. Rag1 g6 24. Ke2 f5 25. f4 fxe4 26. dxe4 Rxh1 27.
Rxh1 Rd4 28. f5+ gxf5 29. Rh6+ Kf7 30. exf5 Re4 31. Rh7+ Kf6 32. Kf3 Rxa4 33.
g4 Rf4+ 34. Ke2 1-0

[Event "2R-LV-P.D. Abadiño - San Juan 'B': 3-1"]
[Site "Bergara"]
[Date "2016.??.??"]
[Round "2.5"]
[White "Galzagorri Uli, Yeray"]
[Black "Blanco De La Rosa, Diego"]
[Result "1-0"]
[WhiteElo "2219"]
[BlackElo "1743"]
[PlyCount "31"]
[EventDate "2016.01.10"]

1. Nf3 c5 2. c4 e6 3. Nc3 Nf6 4. g3 Nc6 5. Bg2 Be7 6. O-O O-O 7. d4 cxd4 8.
Nxd4 a6 9. b3 Qc7 10. Nc2 b6 11. Bb2 Bb7 12. Rc1 Na7 13. e4 b5 14. Ne3 b4 15.
Ncd5 exd5 16. cxd5 {(Ilegible)} 1-0

[Event "2R-LV-P.D. Abadiño - San Juan 'B': 3-1"]
[Site "Bergara"]
[Date "2016.??.??"]
[Round "2.5"]
[White "Lizuain Toni, Javier"]
[Black "Sarralde Osua, Diego"]
[Result "0-1"]
[WhiteElo "1840"]
[BlackElo "2070"]
[PlyCount "124"]
[EventDate "2016.01.10"]

1. e4 d6 2. d4 Nf6 3. Nc3 Nbd7 4. Bc4 e5 5. Nf3 Be7 6. O-O O-O 7. a4 c6 8. Re1
Qc7 9. h3 a5 10. Bb3 Rb8 11. Qe2 exd4 12. Nxd4 Nc5 13. Bf4 Nxb3 14. Nxb3 Nd7
15. e5 Nxe5 16. Bxe5 dxe5 17. Qxe5 Qxe5 18. Rxe5 Bb4 19. Na2 Bd6 20. Re2 Bc7
21. Nc3 Rd8 22. Rae1 Kf8 23. Ne4 h6 24. Nec5 b6 25. Nd3 Ba6 26. Nbc1 Re8 27.
Ne5 Bxe5 28. Rxe5 Rxe5 29. Rxe5 Rd8 30. Nb3 Rd1+ 31. Kh2 Bc4 32. Re3 Be6 33.
Re2 Bxb3 34. cxb3 Rd3 35. Rc2 Rxb3 36. Rxc6 Rxb2 37. Kg3 Rb4 38. Kf3 Ke7 39.
Rc7+ Ke6 40. Ke3 g6 41. Kd3 Rb2 42. f3 Rxg2 43. Rc6+ Ke7 44. Rxb6 Ra2 45. Rb7+
Kf6 46. Rb6+ Kg7 47. Ke3 Rxa4 48. Kf2 Rf4 49. Ra6 Rf5 50. Kg3 Kf8 51. Ra7 Ke8
52. f4 Kd8 53. h4 h5 54. Kf3 Kc8 55. Re7 Kb8 56. Ke3 a4 57. Kd3 Rxf4 58. Kc3
Kc8 59. Kb2 Kd8 60. Re3 Rxh4 61. Rf3 Rb4+ 62. Ka2 Ke7 0-1

[Event "2R-LV-P.D. Altzaga Leioa - Easo: 2-2"]
[Site "Bergara"]
[Date "2016.01.16"]
[Round "2.4"]
[White "Diaz Herrero, Alvaro"]
[Black "Hernandez, Elvis"]
[Result "0-1"]
[WhiteElo "2200"]
[BlackElo "2314"]
[PlyCount "70"]
[EventDate "2016.01.09"]

1. e4 g6 2. d4 Bg7 3. Nc3 d6 4. g3 b6 5. Bg2 Bb7 6. Nge2 e6 7. O-O Ne7 8. g4
Qd7 9. Ng3 Nbc6 10. d5 exd5 11. exd5 Ne5 12. h3 f5 13. gxf5 O-O-O 14. fxg6 hxg6
15. f4 Rxh3 16. Nge4 Nf7 17. Bxh3 Qxh3 18. Qd3 Qg4+ 19. Qg3 Qxg3+ 20. Nxg3 Bd4+
21. Kg2 Nxd5 22. Nce4 Nf6 23. c3 Nxe4 24. cxd4 Nd2+ 25. Kf2 Nxf1 26. Kxf1 Rh8
27. Be3 Rh2 28. b4 Nh6 29. a4 Ng4 30. Ra3 Rg2 31. Ne2 Bf3 32. Ng1 Bd5 33. Ne2
Nh2+ 34. Ke1 Bc4 35. Ng1 Ng4 0-1

[Event "2R-LV-P.D. Altzaga Leioa - Easo: 2-2"]
[Site "Bergara"]
[Date "2016.01.16"]
[Round "2.4"]
[White "Sanz Perez, Eduardo"]
[Black "Sanz Rodero, Mikel"]
[Result "1/2-1/2"]
[WhiteElo "2105"]
[BlackElo "2158"]
[PlyCount "53"]
[EventDate "2016.01.09"]

1. f4 d6 2. e4 d5 3. e5 c5 4. Nf3 Bg4 5. h3 Bxf3 6. Qxf3 Nc6 7. Bb5 e6 8. O-O
Nge7 9. c3 h5 10. Qf2 Qb6 11. a4 h4 12. b4 cxb4 13. Qxb6 axb6 14. cxb4 Nf5 15.
Nc3 Bxb4 16. Ba3 Bxa3 17. Rxa3 Nfd4 18. Rb1 Nxb5 19. Rxb5 Ra6 20. Ra2 Na5 21.
d3 Kd7 22. Rab2 Rc8 23. Ne2 Nc6 24. Rxb6 Rxb6 25. Rxb6 Rb8 26. Rb2 Ra8 27. Nc3
{(Ilegible)} 1/2-1/2

[Event "2R-LV-P.D. Altzaga Leioa - Easo: 2-2"]
[Site "Bergara"]
[Date "2016.01.16"]
[Round "2.4"]
[White "Llano Olabarrieta, Joseba"]
[Black "Segovia Sanchez, Antonio"]
[Result "1/2-1/2"]
[WhiteElo "2058"]
[BlackElo "2074"]
[PlyCount "111"]
[EventDate "2016.01.09"]

1. e4 c6 2. Nc3 g6 3. d4 d5 4. h3 Bg7 5. Nf3 Nh6 6. Bd3 O-O 7. O-O f6 8. Re1
Nf7 9. Bf1 e6 10. a4 a5 11. Be3 Na6 12. Qd2 Nb4 13. Rad1 b6 14. exd5 exd5 15.
Nb1 Bf5 16. Na3 Nd6 17. c3 Ne4 18. Qe2 Na6 19. Nh4 Bd7 20. Nf3 Re8 21. Qc2 Bf8
22. Nb1 b5 23. axb5 cxb5 24. Bf4 Qb6 25. Bd3 Bc6 26. Nbd2 f5 27. Ne5 Rac8 28.
Qb3 a4 29. Qc2 b4 30. f3 bxc3 31. bxc3 Nxc3 32. Qxc3 Bb5 33. Qb2 Nb4 34. Bxb5
Rc2 35. Qb1 Qxb5 36. Rc1 Rec8 37. Rxc2 Rxc2 38. Rc1 Qb6 39. Rxc2 Qxd4+ 40. Kh1
Nxc2 41. Qxc2 Qxf4 42. Qc7 Qh6 43. Qf7+ Kh8 44. Qxd5 Qg7 45. Ndc4 h6 46. Nf7+
Kh7 47. Nce5 a3 48. Qe6 Bc5 49. f4 Bd4 50. Qd5 Bb2 51. Nd8 Qc7 52. Ndc6 Bxe5
53. fxe5 a2 54. Qxa2 Qxc6 55. Qa7+ Kg8 56. Qb8+ 1/2-1/2

[Event "2R-LV-P.D. Altzaga Leioa - Easo: 2-2"]
[Site "Bergara"]
[Date "2016.01.16"]
[Round "2.4"]
[White "Abalia Patino, Aritz"]
[Black "Barbazan Bilbao, Xabier"]
[Result "0-1"]
[WhiteElo "1936"]
[BlackElo "2005"]
[PlyCount "55"]
[EventDate "2016.01.09"]

1. e4 c5 2. Nf3 Nc6 3. d4 cxd4 4. Nxd4 g6 5. c4 Nf6 6. Nc3 Nxd4 7. Qxd4 d6 8.
Be2 Bg7 9. Be3 O-O 10. Qd1 a5 11. O-O a4 12. Rc1 Qa5 13. h3 Be6 14. b3 axb3 15.
axb3 Qb4 16. Qc2 Ra3 17. Nb5 Raa8 18. Nc7 Ra3 19. Nb5 Raa8 20. Bd2 Qc5 21. b4
Qc6 22. Rfe1 Qxe4 23. Bf3 Qxc2 24. Rxc2 Rac8 25. c5 dxc5 26. bxc5 Nd7 27. Bb4
Ne5 28. Be4 {(Ilegible)} 0-1

[Event "1R-LV-P.D. Zornotza - Zuri Baltza 'B': 1-3"]
[Site "Bergara"]
[Date "2016.??.??"]
[Round "1.4"]
[White "Diez Fraile, David"]
[Black "Alberdi Sololuce, Paulo"]
[Result "1/2-1/2"]
[WhiteElo "2190"]
[BlackElo "2231"]
[PlyCount "64"]
[EventDate "2016.01.10"]

1. e4 c6 2. d4 d5 3. e5 c5 4. dxc5 e6 5. Nf3 Bxc5 6. Bd3 Nc6 7. O-O Bd7 8. a3
f6 9. b4 fxe5 10. bxc5 e4 11. c4 Qf6 12. Ra2 exf3 13. cxd5 exd5 14. Bb2 Qf7 15.
Qxf3 Qxf3 16. gxf3 Nge7 17. Kh1 O-O 18. Rg1 Rf7 19. Nd2 Bf5 20. Bb5 Bg6 21.
Raa1 Rc8 22. Rae1 Nf5 23. Rg5 Re7 24. Rxe7 Ncxe7 25. Nb3 h6 26. Rg4 Bh5 27. Bd7
Rd8 28. Be6+ Kh7 29. Rf4 Rf8 30. Bxf5+ Rxf5 31. Rxf5 Nxf5 32. f4 Bf3+ 1/2-1/2

[Event "1R-LV-P.D. Zornotza - Zuri Baltza 'B': 1-3"]
[Site "Bergara"]
[Date "2016.??.??"]
[Round "1.4"]
[White "Fernandez Hernandez, Gerardo"]
[Black "Arias Garcia, Luis Javier"]
[Result "1/2-1/2"]
[WhiteElo "2164"]
[BlackElo "2185"]
[PlyCount "56"]
[EventDate "2016.01.10"]

1. e4 g6 2. d3 Bg7 3. g3 d6 4. Bg2 c5 5. f4 Nc6 6. Nf3 e5 7. O-O Nge7 8. c3 O-O
9. f5 gxf5 10. Nh4 f4 11. gxf4 Ng6 12. Nf5 Bxf5 13. exf5 Nxf4 14. Bxf4 exf4 15.
Qh5 Be5 16. Rf3 Qf6 17. Rh3 Qg7 18. Rh4 Kh8 19. Rg4 Qf6 20. Rh4 Qg7 21. Rg4
Bd4+ 22. Kh1 Qe5 23. Nd2 Be3 24. Nc4 Qe7 25. Re1 Ne5 26. Rh4 f6 27. Nxe3 fxe3
28. Rxe3 Qf7 1/2-1/2

[Event "1R-LV-P.D. Zornotza - Zuri Baltza 'B': 1-3"]
[Site "Bergara"]
[Date "2016.??.??"]
[Round "1.4"]
[White "Goiria Egidazu, Jon Asel"]
[Black "Besga Lopez, Jose Angel"]
[Result "0-1"]
[WhiteElo "1980"]
[BlackElo "2101"]
[PlyCount "50"]
[EventDate "2016.01.10"]

1. e4 e5 2. Nf3 f5 3. Nxe5 Bc5 4. Qh5+ g6 5. Nxg6 Nf6 6. Qh3 Rg8 7. Nf4 fxe4 8.
Be2 d5 9. Qc3 Qd6 10. g3 Nc6 11. a3 Bg4 12. d3 O-O-O 13. O-O Nd4 14. Bxg4+ Nxg4
15. dxe4 dxe4 16. Nd2 Qxf4 17. Qxc5 Ne2+ 18. Kh1 Qf7 19. Qc4 Nxf2+ 20. Kg2 Nf4+
21. Kg1 Qh5 22. Kxf2 Qxh2+ 23. Ke1 Qxg3+ 24. Kd1 Qg4+ 25. Ke1 Ng2+ 0-1

[Event "1R-LV-P.D. Zornotza - Zuri Baltza 'B': 1-3"]
[Site "Bergara"]
[Date "2016.??.??"]
[Round "1.4"]
[White "Hernandez Garcia, Maximo"]
[Black "Sierra Lopez, Ceferino"]
[Result "1-0"]
[WhiteElo "2025"]
[BlackElo "1981"]
[PlyCount "120"]
[EventDate "2016.01.10"]

1. e4 e5 2. Nf3 Nc6 3. Bc4 Bc5 4. O-O d6 5. c3 Nf6 6. d4 exd4 7. cxd4 Bb6 8.
Nc3 h6 9. h3 O-O 10. Be3 Re8 11. Qc2 Nxe4 12. Bxf7+ Kxf7 13. Nxe4 Kg8 14. Ng3
Qf6 15. Kh2 Be6 16. Rfd1 Bd5 17. Qf5 Qxf5 18. Nxf5 Rf8 19. N5h4 Kh7 20. g4 g5
21. Ng2 Bxf3 22. Rg1 d5 23. Rac1 Rf7 24. Kg3 Be4 25. h4 Bf5 26. gxf5 Nxd4 27.
Bxd4 Bxd4 28. hxg5 hxg5 29. Rh1+ Kg7 30. Rh5 Rxf5 31. Rxc7+ Kg6 32. Rch7 Rxf2
33. R5h6+ Kf5 34. Rf7+ Ke4 35. Rxf2 Bxf2+ 36. Kxf2 Rc8 37. Ne1 Rf8+ 38. Ke2 Rf7
39. Rg6 Kf5 40. Rg8 g4 41. Nd3 Rh7 42. Rf8+ Kg5 43. Ke3 Rh2 44. Rd8 d4+ 45.
Rxd4 g3 46. Kf3 Kf5 47. Kxg3 Rh7 48. Kf3 Rc7 49. Rd5+ Ke6 50. Rh5 Rg7 51. Ke4
Kd6 52. Rh6+ Kc7 53. Kd5 Rd7+ 54. Kc4 b6 55. b4 Kb7 56. Rf6 Rh7 57. Kb3 Re7 58.
b5 Kc7 59. Nb2 Kb7 60. Kb4 Kc7 1-0